000 00961cab a2200205 4500
001 ##L131786
008 051208n2005 000 0 eng u
035 _a(Sirsi) u131786
041 0 _aeng
100 1 _aBrewer, Geoff
245 0 0 _aIndemnity costs
260 _c2005
490 0 _aContract Journal
_v431(6554) 7 December 2005, 22(1)
520 _aDiscusses the provisions of the Civil Procedure Rules Part 44 on the payment of costs in relation to "Wates Construction Ltd v HGP Greentree Allchurch Evans Ltd" ([2005] EWHC 2174 (TCC), L131793), where the judge ordered W to pay indemnity costs to H, on the grounds that W's conduct in persisting with the proceedings had been unreasonable.
590 _aIKA030106
650 2 4 _aWATES CONSTRUCTION LTD V HGP GREENTREE ALLCHURCH EVANS LTD
650 2 4 _aCIVIL PROCEDURE RULES PART 44
690 _aMANAGEMENT-DISPUTE AVOIDANCE, MANAGEMENT AND RESOLUTION-DISPUTE MANAGEMENT AND RESOLUTION
942 _n0
999 _c76274
_d76274